the last of us - QCM - Statistiques

Statistiques générales
  • Ce quiz a été pris 1 799 fois
    1 795 depuis la dernière actualisation
  • Le résultat moyen est 8 sur 19
Statistiques - réponses
Hint Réponse % Correct
Reine des lucioles Marlene
67%
Prénom du cheval d'Ellie Paillette
59%
Que perd Ellie durant son dernier combat avec Abby ? Doigts
57%
Prénom du père de l'enfant de Dina Jesse
55%
De quel État vient Joel ? Texas
53%
Prénom du compagnon de Bill Frank
51%
Qui joue Ellie dans la série ? Bella Ramsey
48%
Que collectionne Ellie ? Cartes
47%
Que collectionne Abby ? Pièces
47%
Qui tue Tess (dans le jeu) ? FEDRA
46%
Prénom du chef des Wolfs Isaac
45%
Qui est le premier zombi qui apparaît dans le jeu ? Voisin
41%
Prénom de la soeur de Lev Yara
39%
Prénom du chien des WLF Alice
38%
Prénom de la mère de Ellie Anna
31%
Quel est le dead name (ancien prénom) de Lev ? Lily
30%
Quel est le pire infecté à tuer Roi des rats
28%
Quel easter egg trouve-t-on dans la banque de Seattle ? Bague
22%
Prénom du cheval de Dina Japon
10%
Aucun quiz correspondant
Distribution des résultats
% des personnes avec chaque résultat
Percentile par nombre de réponses
Votre historique - résultats
Vous n’avez pas pris ce quiz depuis la dernière actualisation